Skip to main content
Your cart is empty.
Your lists
Log in to create your own lists
Your cookies
العربية
English
العربية
Home
Search
Advanced search
Authority search
About
The noble scholar, jurist, historian
His Excellency Dr. Abdul Wahhab bin Ibrahim Abu Sulaiman, may Allah have mercy on him.
He was born in Umm Al-Qura in the year 1356 AH.
Library catalog
Title
Author
Subject
ISBN
ISSN
Series
Call number
Log in to your account
×
Login:
Password:
Home
MARC view: حصاد حقبة من تاريخ /
Normal view
MARC view
ISBD view
حصاد حقبة من تاريخ / (Record no. 6593)
[
view plain
]
MARC details
000 -LEADER
fixed length control field
01636cam a22002651i 4500
003 - CONTROL NUMBER IDENTIFIER
control field
SA-RiAUC
005 - DATE AND TIME OF LATEST TRANSACTION
control field
20250324120530.0
008 - FIXED-LENGTH DATA ELEMENTS--GENERAL INFORMATION
fixed length control field
250321s1998 su g 000 0 ara c
020 ## - INTERNATIONAL STANDARD BOOK NUMBER
International Standard Book Number
9960780473
040 ## - CATALOGING SOURCE
Original cataloging agency
SA-MuMU
Language of cataloging
ara
Transcribing agency
SA-RiAUC
Modifying agency
KAC
Description conventions
rda
082 04 - DEWEY DECIMAL CLASSIFICATION NUMBER
Classification number
909
Assigning agency
SA-RiAUC
090 ## - LOCALLY ASSIGNED LC-TYPE CALL NUMBER (OCLC); LOCAL CALL NUMBER (RLIN)
Classification number (OCLC) (R) ; Classification number, CALL (RLIN) (NR)
909
Local cutter number (OCLC) ; Book number/undivided call number, CALL (RLIN)
ش ي ب
100 1# - MAIN ENTRY--PERSONAL NAME
Personal name
الشيباني، أحمد،
Dates associated with a name
1923-1995
Relator term
مؤلف.
245 10 - TITLE STATEMENT
Title
حصاد حقبة من تاريخ /
Statement of responsibility, etc.
تأليف أحمد الشيباني.
264 #1 - PRODUCTION, PUBLICATION, DISTRIBUTION, MANUFACTURE, AND COPYRIGHT NOTICE
Place of production, publication, distribution, manufacture
الرياض :
Name of producer, publisher, distributor, manufacturer
مؤسسة اليمامة الصحفية،
Date of production, publication, distribution, manufacture, or copyright notice
1998
300 ## - PHYSICAL DESCRIPTION
Extent
280 صفحة ؛
Dimensions
21 سم.
336 ## - CONTENT TYPE
Content type term
نص
Content type code
txt
Source
rdacontent
Materials specified
كتاب
337 ## - MEDIA TYPE
Media type term
بدون وسيط
Media type code
n
Source
rdamedia
338 ## - CARRIER TYPE
Carrier type term
مجلد
Carrier type code
nc
Source
rdacarrier
490 0# - SERIES STATEMENT
Series statement
كتاب الرياض ؛
Volume/sequential designation
49
520 ## - SUMMARY, ETC.
Summary, etc.
الكتاب تصوير للمؤلف عن الحقبة التي عشناها ابتداء بنهاية الحرب العالمية الثانية وانتهاء بالحرب العراقية الايرانية، مع محاولة تحديد ماجنيناه لأنفسنا وعلى أنفسنا خلال تلك الحقبه التي ضربت بعض الأقطار العربيه بأعاصير التخبط والعبثيه والهبوط، ومن محتوياته : الماركسية السوفياتية، الطورانية، الزبد يذهب جفاء، الشعب المختار، العسكريون، العنف الدموي، اليهودية والنصرانية الطورانية... وغيرها من الموضوعات.
651 #7 - SUBJECT ADDED ENTRY--GEOGRAPHIC NAME
Geographic name
العالم
General subdivision
تاريخ
Source of heading or term
aucsh
942 ## - ADDED ENTRY ELEMENTS (KOHA)
Source of classification or shelving scheme
Dewey Decimal Classification
Koha item type
Books
Suppress in OPAC
No
949 ## - LOCAL PROCESSING INFORMATION (OCLC)
a
SA-JeALM
d
250321
u
mohamedma123
n
1
Holdings
Withdrawn status
Lost status
Source of classification or shelving scheme
Damaged status
Not for loan
Home library
Current library
Date acquired
Total checkouts
Full call number
Barcode
Date last seen
Price effective from
Koha item type
Dewey Decimal Classification
DR AbdElwahab Library
DR AbdElwahab Library
03/24/2025
909 ش ي ب
000010994
03/24/2025
03/24/2025
Books
Place hold
Print
Add to your cart
(remove)
Save record
BIBTEX
Dublin Core
MARCXML
MARC (non-Unicode/MARC-8)
MARC (Unicode/UTF-8)
MARC (Unicode/UTF-8, Standard)
MODS (XML)
RIS
ISBD
More searches
Search for this title in:
Other Libraries (WorldCat)
Other Databases (Google Scholar)
Online Stores (Bookfinder.com)
Open Library (openlibrary.org)
Exporting to Dublin Core...
×
Simple DC-RDF
OAI-DC
SRW-DC